NCAA Schools By Logo - Statistics

General Stats
  • This quiz has been taken 83 times
    31 since last reset
  • The average score is 87 of 112
Answer Stats
Picture Answer % Correct
Florida
100%
Pittsburgh
100%
Alabama
96%
Georgia
96%
Iowa
96%
Kansas
96%
Michigan
96%
North Carolina
96%
Notre Dame
96%
Oregon
96%
Penn St
96%
Auburn
91%
Baylor
91%
Clemson
91%
Colorado
91%
Duke
91%
Indiana
91%
Kentucky
91%
LSU
91%
Maryland
91%
Miami
91%
Michigan St
91%
Minnesota
91%
Mississippi St
91%
Nebraska
91%
Ohio St
91%
Oklahoma
91%
Oklahoma St
91%
Purdue
91%
South Carolina
91%
Stanford
91%
Syracuse
91%
Tennessee
91%
Texas
91%
Tulane
91%
USC
91%
Virginia
91%
West Virginia
91%
Wisconsin
91%
Arizona
87%
Arizona St
87%
Boston College
87%
Florida St
87%
Georgia Tech
87%
Hawaii
87%
Illinois
87%
Iowa St
87%
Louisville
87%
Northwestern
87%
Rutgers
87%
Texas A&M
87%
Uconn
87%
Virginia Tech
87%
Wake Forest
87%
Washington
87%
Arkansas
83%
California
83%
Cincinnati
83%
Houston
83%
Kansas St
83%
Missouri
83%
Oregon St
83%
SMU
83%
Texas Tech
83%
Utah
83%
Vanderbilt
83%
BYU
78%
Creighton
78%
Harvard
78%
NC State
78%
TCU
78%
Temple
78%
Villanova
78%
Wyoming
78%
Yale
78%
Boise St
74%
Colorado St
74%
James Madison
74%
Marquette
74%
Rice
74%
San Diego State
74%
Central Florida
70%
Florida Atlantic
70%
Gonzaga
70%
New Mexico
70%
Princeton
70%
Toledo
70%
Utah St
70%
Georgetown
65%
Washington St
65%
Akron
61%
Ball State
61%
Liberty
61%
Xavier
61%
Coastal Carolina
57%
North Dakota St
57%
San Jose St
57%
Appalachian St
52%
Bowling Green
52%
California
52%
Charlotte
52%
Las Vegas
52%
DePaul
48%
Loyola Chicago
48%
Miami of Ohio
48%
Kent St
43%
St. Mary's
43%
Georgia State
35%
Nevada
30%
Mississippi
26%
Montana
17%
Tulsa
17%
No matching quizzes found
Score Distribution
Percent of People with Each Score
Percentile by Number Answered
Your Score History
You have not taken this quiz since the last reset